000 00986nam a2200265 i 4500
001 000027935
003 DO-SdBNP
005 20240930103001.0
007 ta
008 110405s1998 dr 000 0 spa d
040 _aDO-SdBNP
_bspa
_cBNPHU
_erda
082 4 _a307.76
_bH117p
_222
245 0 1 _aHacia una propuesta de desarrollo en el municipio de Cotui /
_csistematización, Ricardo Hernández ; corrección, Mélida García
264 _aCotuí, República Dominicana :
_bEditora Comunidad Cosecha,
_c1998.
300 _a68 páginas ;
_c21 cm.
336 _atexto
_btxt
_2rdacontent
337 _asin mediación
_bn
_2rdamedia
338 _avolumen
_bnc
_2rdacarrier
500 _aIncluye referencias bibliográficas y notas al pie de las páginas
590 _aInventariado,2018/DG
650 4 _aDesarrollo de la comunidad urbana
_949281
650 4 _aCiudades y pueblos
_zRepública Dominicana, Cotuí
_955000
910 _aValidado. Control de calidad MFF
942 _2ddc
_cLBS1
999 _c27427
_d27427